| 000 | 00373nam a2200157Ia 4500 | ||
|---|---|---|---|
| 008 | 230917s9999||||xx |||||||||||||| ||und|| | ||
| 020 | _cPON12 | ||
| 040 |
_e26694 _aMAIN |
||
| 041 | _aEnglish | ||
| 082 | _a323.4 G184H | ||
| 100 | _aGarling, Marguerite, ed. | ||
| 245 | 0 | _aHuman rights handbook | |
| 260 |
_aLondon _bMacmillan _c1979 |
||
| 300 | _a299 p. | ||
| 942 | _cBK | ||
| 999 |
_c205088 _d205088 |
||